| 000 | 01003nam a22002417a 4500 | ||
|---|---|---|---|
| 001 | 3740 | ||
| 003 | FISKH | ||
| 005 | 20240426093359.0 | ||
| 008 | 240426b cb ||||| |||| 00| 0 eng d | ||
| 040 |
_aFISK _beng _cFISK _dFISK |
||
| 050 | _aPZ7.M4116 | ||
| 082 | _a813.6 | ||
| 100 |
_aB. Mason Jane _d1807-1832 |
||
| 245 |
_aPlay dead / _cJane B. Mason |
||
| 260 |
_aNew York : _bScholastic, _c2012 |
||
| 300 |
_a202 pages : _c20 cm |
||
| 505 | _aK | ||
| 520 | _aWhen Dodge, a German shepherd police dog, finds himself retired after an accident leaves him deaf in one ear, he's lucky to be adopted by the perfect family. Twelve-year-old Cassie Sullivan, his girl, smells almost as good as a dog, and gets her nose for sleuthing from her police chief mom and coroner dad. Cassie is smart and quick on her feet, and doesn't mind breaking a couple rules to get to the bottom of a mystery. | ||
| 521 | 8 |
_a550 _bLexiles |
|
| 700 | _aJane B. Mason | ||
| 942 |
_2lcc _cBK _n0 |
||
| 999 |
_c3740 _d3740 |
||